000 00743nam a22002177a 4500
008 151019b xxu||||| |||| 00| 0 eng d
020 _a9780521868549 (hardback)
020 _a0521868548 (hardback)
020 _a9780521688529 (pbk.)
020 _a0521688523 (pbk.)
041 0 _aeng
080 _a658.3
245 0 0 _aBuilding more effective organizations :
_cedited by Ronald J. Burke, Cary L. Cooper.
260 _aCambridge, UK ;
_aNew York :
_bCambridge University Press,
_c2008.
300 _axxv, 385 f. :
_bme il.;
_c26 cm.
650 0 _aMenaxhimi i personelit
650 0 _aEfektiviteti në organizatë
700 1 _aBurke, Ronald J.
700 1 _aCooper, Cary L.
942 _2udc
_cBK
999 _c1317
_d1317